| 000 | 00767nam a2200241 a 4500 | ||
|---|---|---|---|
| 001 | BRL_474 | ||
| 005 | 20190320210747.0 | ||
| 008 | 190813s1951----nyub######---#000-0#eng-# | ||
| 041 | _aeng | ||
| 044 | _anyu | ||
| 050 | 4 |
_aF1234 _b.T36 1951 |
|
| 100 | 1 |
_aTannenbaum, Frank _d1893-1969 _924026 |
|
| 245 | 1 | 0 |
_aMexico _bThe Struggle for peace and Bread _cby Frank Tannenbaum |
| 260 |
_aNew York _bAlfred A. Knopf _c1951 |
||
| 300 |
_axiv, 293, ix p. _bil., mapa _c22 cm. |
||
| 500 | _aAu458 | ||
| 651 | 4 |
_aMéxico _xHistoria _y1910-1946 _94779 |
|
| 651 | 4 |
_aMéxico _xCondiciones económicas _y1918- _924027 |
|
| 651 | 4 |
_aMéxico _xPolítica y gobierno _y1910- _924028 |
|
| 651 | 4 |
_aMéxico _xRelaciones extranjeras _zEstados Unidos _924029 |
|
| 902 | _aGRL | ||
| 942 |
_2lcc _cB |
||
| 999 |
_c9286 _d9286 |
||